00459nam a2200145Ia 4500008004100000041001200041082001100053100001600064245005600080260000600136650000600142942000700148999001700155952014100172221030s9999 xx 000 0 und d aEnglish a105.23 aR. L. Kruse 0aData Structures and Programm Designcby R. L. Kruse c0 aB cBK c13338d13338 pB 2099l0o105.23 r2022-10-30 00:00:00w2022-10-30yBK003Print4070aMIETLIBbMIETLIBcBL-, FL-, CUP-0, SH-0, R-0d2012-07-0610HBE